| 000 | 00492nam a2200145Ia 4500 | ||
|---|---|---|---|
| 008 | 230917s9999||||xx |||||||||||||| ||und|| | ||
| 040 |
_e165136 _aMAIN |
||
| 041 | _aEnglish | ||
| 082 | _a891.4317109 BD469:RH | ||
| 100 | _aराजपाल, हुकुमचन्द | ||
| 245 | 0 | _aधर्मवीर भारतीछ साहित्य के विविध आयाम | |
| 260 |
_aसाहिबाबाद _bविभू _c1986 |
||
| 300 | _a252पृ. p. | ||
| 942 | _cHN | ||
| 999 |
_c207993 _d207993 |
||